000 00550nam a2200193Ia 4500
001 59721
008 160503n ii |||gr||||Z||||||465
020 _a978-81-86307-27-4
082 _a954.162
100 _aBoruah,Nirod .
245 0 _aHistorical Geography of Early Assam
_cBy Nirod Boruah
_hTextual Documents
250 _aFirst--2010.
260 _aGauhati
_bDVS Publishers
300 _a148pg:
_bBibliography ,Journal;
_c23cm.
653 _aHistory
653 _aHistorical Geography of Early Assam
653 _aG-History
942 _2ddc
_cBK
999 _c59597
_d59597